000 01153cad a22002175a 4500
001 L146398
008 090116s2008 xxk f 000 0 eng d
035 _a(Sirsi) u146398
041 0 _aeng
050 0 4 _a333.32 $2 18
110 2 _aBritish Council for Offices
_93992
245 0 0 _aWelcoming workplace
_bdesigning office space for an ageing workforce in the 21st century knowledge economy
_h[electronic resource]
260 _aLondon
_bBritish Council
_c2008
520 _aPresents a summary of the findings of the Welcoming Workplace research project and reflects upon its implications for office designers and developers. Discusses the key issues organisations should consider when creating or improving work environments in the context of an ageing workforce. Concludes that such improvements will usually benefit the whole workforce, not just older staff.
521 _aAdvanced
590 _aKA
651 4 _aUnited Kingdom
_y
690 _aPROPERTY-COMMERCIAL PROPERTY-OFFICE PROPERTY-OFFICES
856 4 0 _uhttps://www.bco.org.uk/research/researchreports/detail.cfm?rid=127
_zView the item free of charge at www.bco.org.uk...
942 _n0
999 _c109159
_d109159